• 首页
  • 本馆介绍
  • 公告通知
  • 最新文献
  • 馆藏检索
  • 电子资源
  • 读者导购
  • 参考咨询
  • 我的图书馆
  • 登录
  • 详细信息显示
  • 放入我的书架
  • 预约/预借图书
  • 作者相关作品
  • 分类相关作品
  • 丛书相关作品
  • 出版社相关作品

书目信息

  • 表格格式
  • 工作单格式
  • 卡片格式
题名:
化学检验工
    
 
作者: 袁騉 主编
分册:   技师
出版信息: 北京   化学工业出版社  2007
页数: 245页
开本: 24cm
丛书名:
单 册:
中图分类: TQ075
科图分类:
主题词: 化工产品--质量检验--职业教育--教材 , 化工产品 , 质量检验
电子资源:
ISBN: 978-7-122-01083-4
000 00982nam0 22002771 45
001 1029957656
005 20100429094851.56
010    @a978-7-122-01083-4@dCNY28.00
100    @a20100420d20072008em y0chiy50 ea
101 0  @achi
102    @aCN@b110000
105    @ay z 000yy
106    @ar
200 1  @a化学检验工@AHua Xue Jian Yan Gong@i技师@IJi Shi@f袁騉主编@FYuan Kun Zhu Bian
210    @a北京@c化学工业出版社@d2007@h2008印
215    @a245页@d24cm
300    @a行业职业教育培训规划教材 劳动保障部培训就业司推荐 职业技能鉴定培训教程 化学检验工系列
304    @a化学工业职业技能鉴定指导中心组织编写
330    @a本书内容包括无机物阳离子检验、无机物阴离子检验、一般无机物的分析、仪器设备的保障、技术管理与创新、培训与指导和实验室管理等。
606 0  @a化工产品@x质量检验@x职业教育@j教材
606 0  @a化工产品
606 0  @a质量检验
690    @aTQ075@v4
701  0 @a袁騉@AYuan Kun@4主编
801  0 @aCN@bTANGWEI@c20100429
905    @b0594846-50@dTQ075@e198@f5
    
    化学检验工.技师/袁騉主编.-北京:化学工业出版社,2007(2008印)
    245页;24cm
    行业职业教育培训规划教材 劳动保障部培训就业司推荐 职业技能鉴定培训教程 化学检验工系列
    
    ISBN 978-7-122-01083-4:CNY28.00
    本书内容包括无机物阳离子检验、无机物阴离子检验、一般无机物的分析、仪器设备的保障、技术管理与创新、培训与指导和实验室管理等。
●
相关链接 在E读中查询图书 在五车中查询图书 在当当中查询图书 在豆瓣中查询图书


正题名:化学检验工     索取号:TQ075/198         预约/预借

序号 登录号 条形码 馆藏地/架位号 状态 备注
1 0594846   205948466   第二样本阅览室/ [索取号:TQ075/198] 在馆    
2 0594847   205948475   第三借阅区/ [索取号:TQ075/198] 在馆    
3 0594848   205948484   第三借阅区/ [索取号:TQ075/198] 在馆    
4 0594849   205948493   第三借阅区/ [索取号:TQ075/198] 在馆    
5 0594850   205948509   第三借阅区/ [索取号:TQ075/198] 在馆    
唐山师范学院图书馆 欢迎您!
大连网信软件有限公司© 版权所有